[Event "Penang op 15th"]
[Site "Penang"]
[Date "2023.12.18"]
[Round "1"]
[White "Cairel Adrin, Rumi Arjuna Malique"]
[Black "Gunawan, Ronny"]
[Result "1/2-1/2"]
[WhiteElo "1570"]
[BlackElo "2234"]
[PlyCount "112"]
[EventDate "2023.12.18"]
[EventType "swiss"]
[EventRounds "9"]
[EventCountry "MAS"]
[SourceTitle "CB52_2023"]
[SourceDate "2023.12.27"]
[SourceVersion "1"]
[SourceVersionDate "2023.12.27"]
[SourceQuality "1"]

1. e4 e6 2. d4 d5 3. e5 c5 4. c3 Qb6 5. Nf3 Bd7 6. a3 Bb5 7. Bd3 Bxd3 8. Qxd3 Nc6 9. 0-0 a5 10. a4 Nh6 11. Bxh6 gxh6 12. Na3 cxd4 13. Nb5 dxc3 14. bxc3 Rc8 15. Rab1 Qc5 16. Rbc1 Be7 17. Qd2 Qc4 18. Qxh6 Rg8 19. Nbd4 Qd3 20. Qe3 Qe4 21. Rfe1 Qxe3 22. fxe3 Rg4 23. Rb1 Nd8 24. Rb3 Rc4 25. h3 Rg8 26. Ra1 Kd7 27. Kf2 h5 28. Ra2 Kc8 29. Ne2 f6 30. exf6 Bxf6 31. Nf4 Bxc3 32. Nxh5 Nc6 33. Rc2 Bb4 34. Rxc4 dxc4 35. Rb2 e5 36. Nf6 Rd8 37. Rc2 c3 38. Ne4 Rd5 39. Ke2 b5 40. Nxc3 Rc5 41. axb5 Na7 42. Kd3 Bxc3 43. Rxc3 e4+ 44. Kd4 Rxc3 45. Kxc3 exf3 46. gxf3 Nxb5+ 47. Kb3 Kc7 48. Ka4 Kb6 49. h4 Nd6 50. h5 Nf7 51. e4 Kc5 52. f4 Kd4 53. e5 Nxe5 54. fxe5 Kxe5 55. h6 Kf6 56. h7 Kg7 1/2-1/2

[Event "Johor op-A 7th"]
[Site "Johor"]
[Date "2022.12.30"]
[Round "7"]
[White "Gunawan, Ronny"]
[Black "Nolte, Rolando"]
[Result "1/2-1/2"]
[WhiteElo "2225"]
[BlackElo "2387"]
[PlyCount "108"]
[EventDate "2022.12.26"]
[EventType "swiss"]
[EventRounds "9"]
[EventCountry "MAS"]
[SourceTitle "CBM 212 Extra"]
[Source "ChessBase"]
[SourceDate "2023.03.31"]
[SourceVersion "1"]
[SourceVersionDate "2023.03.31"]
[SourceQuality "1"]

1. b4 c6 2. c4 Nf6 3. Nf3 e6 4. a3 d5 5. e3 Nbd7 6. Bb2 Bd6 7. d4 0-0 8. Nbd2 Bc7 9. Qc2 Re8 10. Bd3 h6 11. Ne5 Nxe5 12. dxe5 Nd7 13. Nf3 c5 14. cxd5 exd5 15. bxc5 Nxe5 16. Nxe5 Bxe5 17. Bxe5 Rxe5 18. 0-0 Bd7 19. Qc3 Qc7 20. Rac1 Rae8 21. Qd4 Bc6 22. Rfd1 Qe7 23. Bb1 g6 24. h3 h5 25. h4 Qc7 26. Qf4 R5e7 27. Qb4 a5 28. Qc3 Re5 29. Rd4 Bb5 30. Ba2 Bc6 31. Rcd1 Rd8 32. Qd2 Rd7 33. Qc3 a4 34. f4 Re8 35. Bxd5 Rde7 36. Re1 Bxd5 37. Rxd5 Re4 38. Rd4 Qe7 39. Rxe4 Qxe4 40. Qb4 Qc6 41. e4 Rc8 42. Kh2 Qxc5 43. Qxb7 Rd8 44. Qb2 Qe7 45. g3 Qe6 46. Qc2 Rc8 47. Qd3 Rb8 48. Re2 Rb3 49. Qd8+ Kh7 50. f5 gxf5 51. Qg5 fxe4 52. Qxh5+ Kg7 53. Qg5+ Kh7 54. Qh5+ Kg7 1/2-1/2

[Event "Titled Tuesday intern op 21st April"]
[Site "Chess.com INT"]
[Date "2020.04.21"]
[Round "5"]
[White "Gunawan, Ronny"]
[Black "Vidyarthi, Omya"]
[Result "1-0"]
[WhiteElo "2240"]
[BlackElo "1709"]
[PlyCount "37"]
[EventDate "2020.04.21"]
[EventType "swiss (blitz)"]
[EventRounds "10"]
[EventCountry "USA"]
[SourceTitle "EXT 2021"]
[Source "ChessBase"]
[SourceDate "2020.10.23"]
[SourceVersion "1"]
[SourceVersionDate "2020.10.23"]
[SourceQuality "1"]

1. d4 d5 2. c4 c6 3. Nd2 Nf6 4. Ngf3 dxc4 5. Nxc4 Nbd7 6. g3 e6 7. Bg2 Ke7 8. 0-0 Ke8 9. Qc2 Be7 10. e4 Kf8 11. Bf4 Nh5 12. Be3 g6 13. Rfd1 Kg7 14. e5 f5 15. exf6+ Nhxf6 16. Ng5 Nb6 17. Bh3 Qd5 18. Ne5 h6 19. Qxg6+ 1-0

[Event "Penang Mini op 2nd"]
[Site "Penang"]
[Date "2019.06.08"]
[Round "8"]
[White "Emperado, Emmanuel"]
[Black "Gunawan, Ronny"]
[Result "1-0"]
[WhiteElo "2190"]
[BlackElo "2269"]
[PlyCount "83"]
[EventDate "2019.06.05"]
[EventType "swiss"]
[EventRounds "9"]
[EventCountry "MAS"]
[SourceTitle "CBM 190 Extra"]
[Source "ChessBase"]
[SourceDate "2019.07.15"]
[SourceVersion "1"]
[SourceVersionDate "2019.07.15"]
[SourceQuality "1"]

1. e4 d6 2. d4 Nd7 3. Nf3 c6 4. c4 e5 5. Nc3 Be7 6. Be2 Ngf6 7. 0-0 0-0 8. Qc2 Qc7 9. Rd1 Re8 10. Bf1 Bf8 11. d5 c5 12. g3 a6 13. Ne1 Rb8 14. a4 g6 15. Kh1 Qd8 16. Nd3 Kh8 17. Bg2 Bg7 18. Rf1 Nh5 19. Qe2 Qe7 20. Rb1 Qd8 21. Be3 Nb6 22. b3 Nf6 23. Bg5 h6 24. Bd2 Bg4 25. f3 Bc8 26. Rf2 Nh5 27. Qf1 f5 28. Ne2 Nd7 29. Qc1 Kh7 30. exf5 gxf5 31. g4 e4 32. Ndf4 Nxf4 33. Nxf4 exf3 34. Bxf3 Ne5 35. Qc2 Qh4 36. Rbf1 Nxf3 37. Rxf3 Qxg4 38. Rg3 Qh4 39. Ne6 Bxe6 40. dxe6 Re7 41. Qxf5+ Kh8 42. Rf4 1-0

[Event "Johor op 5th"]
[Site "Johor"]
[Date "2018.12.13"]
[Round "6"]
[White "Singgih, Diajeng Theresa"]
[Black "Gunawan, Ronny"]
[Result "1/2-1/2"]
[WhiteElo "2074"]
[BlackElo "2247"]
[PlyCount "137"]
[EventDate "2018.12.10"]
[EventType "swiss"]
[EventRounds "9"]
[EventCountry "MAS"]
[SourceTitle "CBM 187 Extra"]
[Source "ChessBase"]
[SourceDate "2018.11.04"]
[SourceVersion "1"]
[SourceVersionDate "2018.11.04"]
[SourceQuality "1"]

1. e4 d6 2. d4 Nd7 3. Bd3 e5 4. c3 Be7 5. Ne2 Ngf6 6. 0-0 d5 7. exd5 Nxd5 8. Ng3 exd4 9. Nf5 Bf6 10. Re1+ Kf8 11. Nxd4 h5 12. b3 Kg8 13. Bb5 c6 14. Bxc6 bxc6 15. Nxc6 Qc7 16. Qxd5 Bb7 17. Re7 Bxe7 18. Nxe7+ Kf8 19. Ba3 Ke8 20. Qg5 Qe5 21. Qxe5 Nxe5 22. Nf5 Kd7 23. Nd2 Rad8 24. Re1 Ke6 25. Nd4+ Kf6 26. f4 Nc6 27. Ne4+ Kg6 28. f5+ Kh6 29. Nxc6 Bxc6 30. Nd6 Rd7 31. c4 h4 32. h3 Kg5 33. Bc1+ Kh5 34. c5 a6 35. Kh2 Rb8 36. Bd2 g5 37. fxg6 Kxg6 38. Bc3 Rg8 39. Re5 f6 40. Re6 Rf8 41. Nc4 Rd3 42. Bb2 Bd5 43. Ne5+ Kf5 44. Nxd3 Bxe6 45. Nb4 Bc8 46. Nd5 Re8 47. c6 Be6 48. Nb6 Rg8 49. c7 Bc8 50. Nd5 Re8 51. Bd4 Bb7 52. Nxf6 Re2 53. Kg1 Rd2 54. Bc3 Rc2 55. Nd5 Ke4 56. Nf6+ Kf5 57. Nd5 Ke6 58. Nf4+ Kd7 59. Bf6 Rxa2 60. Bxh4 Rb2 61. Bf6 Rxb3 62. h4 Kxc7 63. h5 a5 64. h6 Be4 65. Ne6+ Kd6 66. Ng5 Bg6 67. h7 Bxh7 68. Nxh7 a4 69. Ng5 1/2-1/2

[Event "Johor op 5th"]
[Site "Johor"]
[Date "2018.12.12"]
[Round "4"]
[White "Kavinda, Akila"]
[Black "Gunawan, Ronny"]
[Result "0-1"]
[WhiteElo "2092"]
[BlackElo "2247"]
[PlyCount "78"]
[EventDate "2018.12.10"]
[EventType "swiss"]
[EventRounds "9"]
[EventCountry "MAS"]
[SourceTitle "CBM 187 Extra"]
[Source "ChessBase"]
[SourceDate "2018.11.04"]
[SourceVersion "1"]
[SourceVersionDate "2018.11.04"]
[SourceQuality "1"]

1. d4 e6 2. Nf3 f5 3. g3 Nf6 4. Bg2 Be7 5. c4 0-0 6. 0-0 Ne4 7. Nbd2 d5 8. Ne5 Nd7 9. Ndf3 c6 10. Qb3 Bf6 11. Qc2 g5 12. b3 Qe7 13. Bb2 Qg7 14. b4 Kh8 15. Rfc1 g4 16. Nxd7 Bxd7 17. Ne5 Bd8 18. cxd5 exd5 19. b5 Rc8 20. bxc6 Bxc6 21. f3 gxf3 22. exf3 Nd6 23. Ba3 Be7 24. Bxd6 Bxd6 25. f4 Qc7 26. Qb3 Qa5 27. Qf3 Qb6 28. Qe3 Rce8 29. Rab1 Qa5 30. Rc2 Ba4 31. Rcb2 Bc6 32. Bf1 Qa4 33. Bb5 Bxb5 34. Rxb5 Bxe5 35. dxe5 d4 36. Qd3 b6 37. R5b4 Qxa2 38. Rxd4 Rc8 39. Qb3 Rc1+ 0-1

[Event "Johor op 5th"]
[Site "Johor"]
[Date "2018.12.11"]
[Round "2"]
[White "Li, Guohao"]
[Black "Gunawan, Ronny"]
[Result "1-0"]
[WhiteElo "1955"]
[BlackElo "2247"]
[PlyCount "90"]
[EventDate "2018.12.10"]
[EventType "swiss"]
[EventRounds "9"]
[EventCountry "MAS"]
[SourceTitle "CBM 187 Extra"]
[Source "ChessBase"]
[SourceDate "2018.11.04"]
[SourceVersion "1"]
[SourceVersionDate "2018.11.04"]
[SourceQuality "1"]

1. d4 d6 2. Nf3 Nd7 3. g3 Ngf6 4. Bg2 e5 5. 0-0 Be7 6. c4 0-0 7. Nc3 c6 8. e4 Qc7 9. h3 Re8 10. Be3 Bf8 11. d5 Nc5 12. Ne1 a5 13. Nd3 b6 14. Nxc5 bxc5 15. Qc2 Ba6 16. b3 cxd5 17. exd5 g6 18. Rae1 Bg7 19. Kh2 Nd7 20. g4 Rf8 21. f4 f5 22. gxf5 exf4 23. Bxf4 Rxf5 24. Bg3 Rxf1 25. Rxf1 Nf6 26. Ne4 Ne8 27. Ng5 Qe7 28. Ne6 a4 29. Nxc5 axb3 30. axb3 Be5 31. Ne6 Bxg3+ 32. Kxg3 Nf6 33. Kh2 Rb8 34. Qc3 Nd7 35. Qa5 Rb6 36. Rf4 g5 37. Rf5 h6 38. Qc3 Rb8 39. Qa5 Rb6 40. Qa1 Bc8 41. Qd1 Nf6 42. Qd4 Nd7 43. Qe3 Ra6 44. Qf3 Ra2 45. Qh5 Ne5 1-0

[Event "Penang op 10th"]
[Site "Penang"]
[Date "2018.12.07"]
[Round "8"]
[White "Rismanto, Ricky"]
[Black "Gunawan, Ronny"]
[Result "0-1"]
[WhiteElo "2116"]
[BlackElo "2247"]
[PlyCount "114"]
[EventDate "2018.12.03"]
[EventType "swiss"]
[EventRounds "9"]
[EventCountry "MAS"]
[SourceTitle "CBM 187 Extra"]
[Source "ChessBase"]
[SourceDate "2018.11.04"]
[SourceVersion "1"]
[SourceVersionDate "2018.11.04"]
[SourceQuality "1"]

1. d4 d6 2. Nf3 Nd7 3. e4 e5 4. c3 Ngf6 5. Bd3 Be7 6. Nbd2 0-0 7. 0-0 c6 8. Re1 Qc7 9. Nf1 Re8 10. Ng3 Bf8 11. h3 g6 12. Bd2 Bg7 13. Qc1 Nf8 14. Bh6 Ne6 15. Bxg7 Kxg7 16. Bc2 Nf4 17. Qd2 Be6 18. Bb3 Rad8 19. Bxe6 Rxe6 20. Rad1 Ree8 21. c4 c5 22. d5 Rb8 23. Rc1 a6 24. a3 h6 25. Kh2 b6 26. Nf1 Qd7 27. Ng1 b5 28. g3 N4h5 29. Qc2 Ng8 30. Ne3 Ne7 31. Ne2 f5 32. exf5 Nxf5 33. Ng2 Nd4 34. Nxd4 cxd4 35. g4 Nf6 36. b3 Qf7 37. Kg1 bxc4 38. bxc4 Nd7 39. Rb1 Nc5 40. Rb4 Rf8 41. Kh2 Rbe8 42. Rf1 Qf3 43. Rb6 Rf6 44. Rc6 Re7 45. Rc8 Ne4 46. Nh4 Qxf2+ 47. Rxf2 Rxf2+ 48. Qxf2 Nxf2 49. c5 Ne4 50. c6 Rf7 51. Nxg6 Kxg6 52. c7 Kf6 53. Kg2 d3 54. Kf3 d2 55. Ke2 Nc3+ 56. Kxd2 Nxd5 57. Rd8 Nxc7 0-1

[Event "Penang op 10th"]
[Site "Penang"]
[Date "2018.12.04"]
[Round "2"]
[White "Isha, Sharma"]
[Black "Gunawan, Ronny"]
[Result "0-1"]
[WhiteElo "2030"]
[BlackElo "2247"]
[PlyCount "110"]
[EventDate "2018.12.03"]
[EventType "swiss"]
[EventRounds "9"]
[EventCountry "MAS"]
[SourceTitle "CBM 187 Extra"]
[Source "ChessBase"]
[SourceDate "2018.11.04"]
[SourceVersion "1"]
[SourceVersionDate "2018.11.04"]
[SourceQuality "1"]

1. e4 d6 2. d4 Nd7 3. Nf3 c6 4. Nc3 e5 5. Bc4 Be7 6. 0-0 Ngf6 7. a4 0-0 8. Qe2 Qc7 9. Bb3 a5 10. h3 b6 11. Rd1 Ba6 12. Qe1 Rae8 13. Be3 exd4 14. Rxd4 Nc5 15. Ba2 Nfd7 16. Bf4 Ne6 17. Bxe6 fxe6 18. e5 d5 19. Bg3 Rf5 20. Rg4 h5 21. Rf4 Rxf4 22. Bxf4 Bb4 23. Qe3 Nf8 24. Bg3 Bc5 25. Qg5 Qf7 26. Rd1 Nh7 27. Qd2 Bb4 28. Qe3 Bc5 29. Nd4 Qg6 30. Qc1 Rf8 31. Kh2 Bxd4 32. Rxd4 c5 33. Rh4 Ng5 34. Rf4 Rxf4 35. Bxf4 Nf7 36. Bg3 Qf5 37. Qe1 g5 38. Nxd5 Kf8 39. Ne3 Qe4 40. f3 Qxa4 41. Kh1 Qd4 42. c3 Qd3 43. Bh2 a4 44. Kg1 Bb7 45. Kf2 b5 46. Qe2 Qd7 47. Nc2 Bc6 48. Qe3 Kg7 49. Ne1 b4 50. cxb4 cxb4 51. Nd3 a3 52. bxa3 bxa3 53. Nc5 Qd5 54. Qxa3 Qd2+ 55. Kg3 Qe1# 0-1

[Event "Penang Mini op1st"]
[Site "Penang"]
[Date "2018.06.14"]
[Round "2"]
[White "Eng, Jia Qian"]
[Black "Gunawan, Ronny"]
[Result "0-1"]
[WhiteElo "1911"]
[BlackElo "2288"]
[PlyCount "136"]
[EventDate "2018.06.13"]
[EventType "swiss"]
[EventRounds "9"]
[EventCountry "MAS"]
[SourceTitle "CBM 184 Extra"]
[Source "ChessBase"]
[SourceDate "2018.06.28"]
[SourceVersion "1"]
[SourceVersionDate "2018.06.28"]
[SourceQuality "1"]

1. d4 d6 2. Nf3 Nd7 3. c4 e5 4. Nc3 Ngf6 5. g3 Be7 6. Bg2 0-0 7. 0-0 c6 8. d5 cxd5 9. Nxd5 Nxd5 10. Qxd5 Nb6 11. Qd3 Qc7 12. b3 f5 13. e4 fxe4 14. Qxe4 Bf5 15. Qe3 Bf6 16. Ba3 Rfd8 17. Rac1 h6 18. h4 Nd7 19. Rfe1 Rac8 20. Nd2 Nc5 21. Qf3 Bg6 22. Qg4 Bf7 23. Qf3 b6 24. Ne4 Be7 25. Nxc5 bxc5 26. Qf5 Rf8 27. Be4 g6 28. Qg4 h5 29. Qe2 Kg7 30. Rcd1 Be6 31. Bc1 Rf7 32. Qe3 Rh8 33. Bb2 Rhf8 34. Rf1 Bh3 35. Bc1 Rh8 36. Rfe1 Qc8 37. Qd3 Bf5 38. Bb2 Rhf8 39. f4 Kh7 40. Rf1 Bxe4 41. Qxe4 Qg4 42. Qf3 exf4 43. Qxg4 hxg4 44. Rxf4 Rxf4 45. gxf4 Rxf4 46. Kg2 Bxh4 47. Rd2 Re4 48. Ba3 Be7 49. Kg3 Bf6 50. Bb2 Bxb2 51. Rxb2 a5 52. Rd2 Re6 53. Kxg4 Kg7 54. Kg5 Rf6 55. Kg4 Kf7 56. Kg3 Ke7 57. Kg4 Kd7 58. Kg5 Re6 59. Rd3 Re2 60. Kxg6 Rxa2 61. Kf5 Rc2 62. Ke4 a4 63. Rg3 axb3 64. Kd3 Ra2 65. Rg1 Ra3 66. Kd2 Kc6 67. Rg4 b2 68. Kc2 Rb3 0-1

[Event "Penang op-A 9th"]
[Site "Penang"]
[Date "2017.12.08"]
[Round "7"]
[White "Nguyen, Duc Hoa"]
[Black "Gunawan, Ronny"]
[Result "1-0"]
[WhiteElo "2504"]
[BlackElo "2281"]
[PlyCount "89"]
[EventDate "2017.12.04"]
[EventType "swiss"]
[EventRounds "9"]
[EventCountry "MAS"]
[SourceTitle "CBM 182 Extra"]
[Source "ChessBase"]
[SourceDate "2018.02.23"]
[SourceVersion "1"]
[SourceVersionDate "2018.02.23"]
[SourceQuality "1"]

1. d4 e6 2. c4 d5 3. Nf3 c6 4. Qc2 Bd6 5. g3 Nd7 6. Bg2 Ne7 7. 0-0 0-0 8. e4 dxe4 9. Ng5 Nf5 10. Nxe4 Nxd4 11. Qd3 Be5 12. f4 Bf6 13. g4 c5 14. Be3 Be7 15. Kh1 f5 16. gxf5 Nxf5 17. Nbc3 a6 18. Rae1 Rb8 19. Ng5 Nf6 20. Qxd8 Rxd8 21. Bg1 Nd4 22. f5 b5 23. cxb5 axb5 24. Bxd4 cxd4 25. Nd1 Bb4 26. Nxe6 Rd6 27. Re5 Bd7 28. a3 Bd2 29. Nc5 Be8 30. Nf2 Be3 31. Nfe4 Rdb6 32. Nxf6+ gxf6 33. Re7 Kh8 34. Rf3 Rc8 35. b4 Rd6 36. Rg3 Bh6 37. Rh3 Bg7 38. Kg1 h5 39. Bf3 d3 40. Bd1 d2 41. Kf2 Bh6 42. Re6 Rd5 43. Ke2 Bd7 44. Rxf6 Kg7 45. Ne4 1-0

[Event "Penang op-A 9th"]
[Site "Penang"]
[Date "2017.12.06"]
[Round "4"]
[White "Dimakiling, Oliver"]
[Black "Gunawan, Ronny"]
[Result "0-1"]
[WhiteElo "2425"]
[BlackElo "2281"]
[PlyCount "107"]
[EventDate "2017.12.04"]
[EventType "swiss"]
[EventRounds "9"]
[EventCountry "MAS"]
[SourceTitle "CBM 182 Extra"]
[Source "ChessBase"]
[SourceDate "2018.02.23"]
[SourceVersion "1"]
[SourceVersionDate "2018.02.23"]
[SourceQuality "1"]

1. c4 e5 2. Nc3 Nc6 3. e3 d6 4. a3 g6 5. b4 Bg7 6. Bb2 Nh6 7. Qc2 0-0 8. Nf3 f5 9. d3 g5 10. 0-0-0 g4 11. Nd2 Be6 12. Nb3 a5 13. b5 Ne7 14. a4 c5 15. f4 Rc8 16. Ne2 b6 17. Kb1 Ng6 18. Ng3 Bh8 19. Qf2 d5 20. fxe5 dxc4 21. Nc1 f4 22. exf4 Rxf4 23. Qc2 c3 24. Bxc3 Qd5 25. Ne4 Bxe5 26. Bxe5 Qxe5 27. g3 Rff8 28. Bg2 Nf5 29. Rde1 Qd4 30. Ng5 Bd7 31. Qa2+ Kh8 32. Re4 Qf6 33. Ne6 Rfe8 34. Rhe1 c4 35. Qe2 Nd6 36. Rf1 Nxe4 37. Qxe4 Qxe6 38. Qd4+ Ne5 39. Be4 Qe7 40. Qxb6 cxd3 41. Nb3 Rf8 42. Rxf8+ Rxf8 43. Qd4 Qf6 44. b6 Bc6 45. b7 Bxe4 46. Qxe4 Qe6 47. Nd2 Qe8 48. Ka1 Nc6 49. Qxd3 Nb4 50. Qe4 Qd8 51. Kb1 h5 52. Qe3 Kg7 53. Qc3+ Kh7 54. Ne4 0-1

[Event "Penang op 7th"]
[Site "Penang"]
[Date "2015.12.11"]
[Round "7"]
[White "Gunawan, Ronny"]
[Black "Le, Huu Thai"]
[Result "1-0"]
[WhiteElo "2371"]
[BlackElo "2042"]
[PlyCount "109"]
[EventDate "2015.12.07"]
[EventType "swiss"]
[EventRounds "9"]
[EventCountry "MAS"]
[SourceTitle "CBM 169 Extra"]
[Source "ChessBase"]
[SourceDate "2015.12.18"]
[SourceVersion "1"]
[SourceVersionDate "2015.12.18"]
[SourceQuality "1"]

1. b4 Nf6 2. Bb2 e6 3. a3 d5 4. Nf3 a5 5. b5 c5 6. bxc6 bxc6 7. e3 Bd6 8. c4 Nbd7 9. Nc3 Ba6 10. cxd5 cxd5 11. Bxa6 Rxa6 12. Nb5 Be7 13. a4 0-0 14. 0-0 Qb8 15. Qe2 Rc8 16. Rfb1 Bb4 17. Bc3 Bxc3 18. Nxc3 Qa8 19. Rb5 Ra7 20. h3 Rac7 21. Rab1 Ne8 22. R5b2 Rc4 23. Qd1 g6 24. Nd4 Nc5 25. Rb6 Nd3 26. Nc2 e5 27. Qe2 e4 28. Qg4 Nc7 29. Qg3 Rd8 30. Rb7 Qc8 31. R1b6 Na8 32. Rb5 Nc7 33. R5b6 Na8 34. Rb1 Nb4 35. Nxb4 Qxb7 36. Nbxd5 Qa6 37. Qe5 Qe6 38. Qg5 Rf8 39. Rb7 Kg7 40. Nf4 Qc6 41. Qe5+ Kg8 42. Ncd5 Qxb7 43. Ne7+ Qxe7 44. Qxe7 Nb6 45. Qa7 Nxa4 46. Qxa5 Nc5 47. Kh2 Nb3 48. Qd5 Rfc8 49. h4 R8c5 50. Qd8+ Kg7 51. h5 gxh5 52. Nd5 Rc6 53. Qg5+ Kf8 54. Qe5 f6 55. Qb8+ 1-0

[Event "Jakarta Indonesia op 3rd"]
[Site "Jakarta"]
[Date "2013.10.15"]
[Round "8"]
[White "Bachtiar, Ahmad Ina"]
[Black "Gunawan, Ronny"]
[Result "0-1"]
[WhiteElo "2219"]
[BlackElo "2395"]
[PlyCount "84"]
[EventDate "2013.10.10"]
[EventType "swiss"]
[EventRounds "11"]
[EventCountry "INA"]
[SourceTitle "CBM 156 Extra"]
[Source "ChessBase"]
[SourceDate "2013.10.22"]
[SourceVersion "1"]
[SourceVersionDate "2013.10.22"]
[SourceQuality "1"]

1. d4 e6 2. c4 d5 3. Nf3 c6 4. Nc3 f5 5. Bg5 Nf6 6. e3 Be7 7. Qb3 Nbd7 8. cxd5 exd5 9. Bd3 Ne4 10. Bf4 g5 11. Be5 Nxe5 12. Nxe5 Bd6 13. Bxe4 fxe4 14. 0-0-0 Qe7 15. f4 exf3 16. Nxf3 Bf5 17. Rde1 0-0-0 18. Nd2 Kb8 19. g3 Bb4 20. a3 Ba5 21. Rhf1 Bg6 22. Na4 Rhf8 23. Nc5 Rxf1 24. Rxf1 Re8 25. Rf6 Bb6 26. Re6 Qf7 27. Rf6 Qg7 28. Qc3 Kc8 29. Rf2 Qe7 30. Nf1 Rf8 31. Qd2 Bxc5 32. dxc5 Qxc5+ 33. Kd1 Re8 34. Qc3 Qb5 35. Nd2 Qb6 36. Nf1 a5 37. g4 Qb5 38. Kd2 Qa4 39. Ng3 Qxg4 40. Qxa5 Qc4 41. Nf5 Kb8 42. Kd1 Bxf5 0-1